Medical terminology : (Record no. 4887)

MARC details
000 -LEADER
fixed length control field 00668nam a22001937a 4500
003 - CONTROL NUMBER IDENTIFIER
control field OSt
005 - DATE AND TIME OF LATEST TRANSACTION
control field 20251024020328.0
008 - FIXED-LENGTH DATA ELEMENTS--GENERAL INFORMATION
fixed length control field 251014b |||||||| |||| 00| 0 eng d
020 ## - INTERNATIONAL STANDARD BOOK NUMBER
International Standard Book Number 13:978-0-7817-9283-7.
040 ## - CATALOGING SOURCE
Original cataloging agency DWCL-Main lib
Transcribing agency OC
082 ## - DEWEY DECIMAL CLASSIFICATION NUMBER
Classification number Circ. 610.14 W733m 2008
100 ## - MAIN ENTRY--PERSONAL NAME
Personal name Willis, Marjorie Canfield
245 ## - TITLE STATEMENT
Title Medical terminology :
Remainder of title a programmed learning approach to the language of healthcare
260 ## - PUBLICATION, DISTRIBUTION, ETC.
Place of publication, distribution, etc. Pa. :
Name of publisher, distributor, etc. Lippincot Williams & Wilkins,
Date of publication, distribution, etc. c2008.
300 ## - PHYSICAL DESCRIPTION
Extent xxii, 825 pages :
Other physical details colored illustration ;
Dimensions 27 cm. + 1 CD-ROM.
504 ## - BIBLIOGRAPHY, ETC. NOTE
Bibliography, etc. note Includes index.
650 ## - SUBJECT ADDED ENTRY--TOPICAL TERM
Source of heading or term 1. Medicine-Terminology.
942 ## - ADDED ENTRY ELEMENTS (KOHA)
Source of classification or shelving scheme Dewey Decimal Classification
Koha item type Book Circulation
Edition 2nd ed.
Call number prefix Circ.
Suppress in OPAC No
952 ## - LOCATION AND ITEM INFORMATION (KOHA)
--
Holdings
Withdrawn status Lost status Source of classification or shelving scheme Damaged status Not for loan Home library Current library Shelving location Date acquired Source of acquisition Total Checkouts Full call number Barcode Date last seen Copy number Price effective from Koha item type Uniform Resource Identifier
    Dewey Decimal Classification     HM & Nursing Library HM & Nursing Library Circulation 11/05/2008 School Fund   Circ. 610.14 W733m 2008 46398 10/14/2025 c1 10/14/2025 BK-CIRC